Responses for Show #5170 - Friday, February 16, 2007

2007 Teen Tournament final game 2.

Contestants

[<< previous game]

David Walter, a senior from Wilmington, Delaware (subtotal of $14,200)

Ben Schenkel, a junior from Allentown, Pennsylvania (subtotal of $40,000)

Stephen Fritz, a sophomore from Lexington, Kentucky (subtotal of $5,463)

[next game >>]

Jeopardy! Round responses

U.S.A.
TV SHOW PEOPLE
(Alex: You have to name the show for us.)
MEASUREMENT
PAINTERS
CLEAN THIS PLACE UP!
DOUBLE "T"s
    $200 1
Salt Lake City

Stephen
    $200 6
American Idol

David
    $200 11
the Sun

Stephen
    $200 21
(Pablo) Picasso

David
    $200 26
a mop

David
    $200 16
a mutt

David
    $400 2
Salem

Stephen
    $400 7
The Simpsons

David
    $400 12
ounce

David
    $400 22
Leonardo da Vinci

Ben
    $400 27
decks

Ben
    $400 17
Skittles

Ben
    $600 3
(Alex: Tell your mama, tell your pa, I'll send you back to [*].)

Arkansas

Triple Stumper
    $600 8
The Gilmore Girls

David
    $600 13
(Alex: Yes, 36 times 2.)

72

Ben
    $600 23
Vincent van Gogh

Ben
    $600 28
a vacuum

David
    $600 18
Geppetto

Ben
    $800 4
New England

David
    $800 9
The O.C.

David
    $800 14
(David: What is board?)

a brick

StephenDavid
    $800 24
(Jackson) Pollock

David
    $800 29
buff

David
    $800 19
a glutton

Stephen
    $1,000 5
(David: What is the Delaware River?)
...
(Alex: The Allegheny and the Monongohela come together at Pittsburgh.)

the Ohio River

David
    $1000 10
Grey's Anatomy

David
    $1000 15
the meter

Ben
    $1000 25
Michelangelo (Buonarroti)

David
    $1000 30
scrubs

David
    $1000 20
Attila

David

Scores at the first commercial break (after clue 15):

Stephen Ben David
$1,600 $1,600 $2,400

Scores at the end of the Jeopardy! Round:

Stephen Ben David
$2,400 $4,000 $8,200

Double Jeopardy! Round responses

LITERATURE
THE DVD CLUB
ANCIENT TIMES
TOP MODELS
(Alex: You have to identify the automaker.)
SCIENCE STUFF
____ & ____
    $400 30
Charlotte's Web

Stephen
    $400 29
yoga

David
    $400 1
a canal

Stephen
    $400 25
Honda

Ben
    $400 6
bats

Stephen
    $400 27
B&O

Ben
    $800 19
"The Raven"

David
    $800 28
Ice Age

Ben
    $800 2
Mexico

Stephen
    $800 24
Ford

Stephen
    $800 7
helium

Ben
    $800 26
pins & needles

David
    $6,000 18
(Ben: What is Great Expectations?)
(Alex: No. [*]. Think of the ghosts. The spirits.)

A Christmas Carol

Ben
    $1200 11
U2

David
    $1200 3
Hannibal

David
    $1200 15
Volkswagen

Ben
    $1200 9
crabs

Stephen
    $1200 20
Sodom & Gomorrah

Ben
    $1600 16
Tolkien

Ben
    $1600 12
Alias

David
    $1600 4
Egypt

Stephen
    $1600 14
Chevrolet

David
    $1600 8
anatomy

David
    $5,000 21
(Ben: What is cloak and... gun?)
[Audience groans]
(Alex: You heard the groan from the audience. Cloak is right. [*].)

cloak & dagger

Ben
    $2000 17
Amy

Ben
    $2000 13
Veggie Tales

David
    $2000 5
Crete

David
    $2000 23
Nissan

Stephen
    $2000 10
the greenhouse effect

Ben
    $2000 22
(Ben: What is brim... stone. Brimstone, with an "M". That's what I said.)
(Alex: No.)
...
(Alex: Yes, remember it's ____ & ____.)

fire & brimstone

BenDavid

Scores at the end of the Double Jeopardy! Round:

Stephen Ben David
$10,000 $1,400 $23,400

[wagering suggestions for these scores]

Final Jeopardy! Round responses

GREEK MYTHOLOGY
BenWho is ATLAS? (congrats, David!!)
$1,400
StephenWho is ATLAS?
$9,997
DavidWho is Atlas?
$5,300
Atlas

Final scores:

Stephen Ben David
$19,997 $2,800 $28,700

Cumulative scores:

Stephen Ben David
$25,460 $42,800 $42,900
2nd runner-up: $25,460 1st runner-up: $42,800 Tournament champion: $75,000

Game dynamics:

Coryat scores:

Stephen Ben David
$10,000 $12,400 $24,400
13 R,
0 W
16 R,
3 W
(including 2 DDs)
27 R,
2 W
(including 1 DD)

Combined Coryat: $46,800

[game clues] [game scores] [suggest correction]

Game tape date: 2007-01-05
The J! Archive is created by fans, for fans. Scraping, republication, monetization, and malicious use prohibited; this site may use cookies and collect identifying information. See terms. The Jeopardy! game show and all elements thereof, including but not limited to copyright and trademark thereto, are the property of Jeopardy Productions, Inc. and are protected under law. This website is not affiliated with, sponsored by, or operated by Jeopardy Productions, Inc. Join the discussion at JBoard.tv.